00349nam a22001217a 4500008004100000020001500041082001800056100002000074245004500094260005900139300001400198700001500212230602b xxu||||| |||| 00| 0 eng d a9966463852 a321.8096bOYU cW.O.Oyugid1987 aDemocratic Theory And Practice In Africa aNairobibEast African Educational Publishers Ltdc1987 a208 pages cA. Gitonga